000 00576nam a22001937a 4500
003 KOHA_MİRAKIL
005 20251224152134.0
008 251224b tu ||||| |||| 00| 0 tur d
020 _a9786053201120
040 _aTR-AnABB
_btur
_cTR-AnABB
041 _atur
082 _a371.3028
_bTEM 2021
100 1 _aTemizyürek, Fahri,
245 1 0 _aCumhuriyet dönemi ilköğretim okulları Türkçe programları /
_cFahri Temizyürek
260 _aAnkara :
_bNobel Yayınları,
_c2021
300 _a1126 sayfa ;
_c24 cm
650 0 4 _aDers planlama
942 _2ddc
_cBK
999 _c9945
_d9945
900 _bGizem YORULMAZ